Os embargos infringentes no cd̤igo de processo civil

Detalles Bibliográficos
Autor principal: Sormani Barbugiani, Luiz Henrique
Formato: Libro
Lenguaje:portugués
Publicado: Brasil LEUD - Livraria e Editora Universitr̀ia de Direito 2014
Materias:
Acceso en línea:Acceso restringido

MARC

LEADER 00000nam a22000007a 4500
005 2016030106506.0
007 cr|||| ||u|
008 160301t2014 bl ||||| |||| 00||0 por d
020 |a 978-85-7456-307-7 
035 |a 13073 
040 |a vLex 
090 |c 5937  |d 5937 
100 1 |a Sormani Barbugiani, Luiz Henrique 
245 1 0 |a Os embargos infringentes no cd̤igo de processo civil  |h [Recurso electrn̤ico] /  |c Luiz Henrique Sormani Barbugiani 
256 |a Servicio en ln̕ea  
260 |a Brasil  |b LEUD - Livraria e Editora Universitr̀ia de Direito  |c 2014 
300 |a 1 recurso electrn̤ico  
500 |a  Os embargos infringentes, como recurso, ̌considerado um instituto tipicamente brasileiro, apesar de ter sua origem no ordenamento jurd̕ico portugus̊, visto que apenas se manteve em nosso ordenamento jurd̕ico, tendo sido abolido do sistema lusitano. Ante a ausn̊cia de parḿetros no direito comparado, esse recurso, que se direciona a decise̳s judiciais nô unńimes, sofreu ao longo das dčadas inm︢eras reformas que restringiram o seu ḿbito de cabimento sob o argumento da celeridade processual. Nô obstante as crt̕icas da doutrina em relaȯ̂ ̉sua permann̊cia em nosso direito processual, o recurso nô ̌a causa da morosidade da mq̀uina judicial, devendo ser cuidadosamente estudado, envolvendo criteriosa anl̀ise de suas hipt̤eses de cabimento, no intuito de aperfeiȯar as decise̳s ao mesmo tempo em que promove uma maior seguranȧ jurd̕ica com a correspondente pacificaȯ̂ social. 
506 1 |a Contenido solo disponible en los productos indicados  |d vLex Global  |d vLex Global (Academic Edition, excluding Law Schools)  |d vLex Global (U.S. Academic Edition, Law Schools)  |d vLex Global (U.S. Academic Edition, excluding Law Schools)  |d vLex Global (Academic Edition, Law Schools) 
650 0 4 |a Derecho  |z Brasil 
740 0 |a vLex libros (servicio en ln̕ea)  
856 4 0 |u http://vlex.com/source/os-embargos-infringentes-no-codigo-de-processo-civil-13073  |z Acceso restringido 
942 |c BOOK 
999 0 |a Law